[Event "American Cup Blitz 2026"]
[Site "Saint Louis USA"]
[Date "2026.03.02"]
[Round "1.1"]
[White "Heimann, Mark"]
[Black "Caruana, Fabiano"]
[Result "0-1"]
[WhiteTitle "GM"]
[BlackTitle "GM"]
[WhiteElo "2511"]
[BlackElo "2795"]
[WhiteFideId "2028441"]
[BlackFideId "2020009"]
[EventDate "2026.03.02"]

1. e4 c6 2. Nf3 d5 3. d3 e6 4. g3 Nf6 5. Nbd2 Qc7 6. Bg2 dxe4 7. dxe4 e5 8. O-O
Be7 9. Nc4 Nbd7 10. Nh4 b5 11. Ne3 g6 12. a4 b4 13. f4 exf4 14. gxf4 Nxe4 15.
Nxg6 hxg6 16. Bxe4 Nf6 17. Bg2 Bc5 18. Qe2 Be6 19. Kh1 Kf8 20. Qf3 Rc8 21. Bd2
Kg7 22. Be1 Rce8 23. Bg3 Nh5 24. Rae1 Nxg3+ 25. Qxg3 Bd4 26. c3 bxc3 27. bxc3
Bf6 28. Qf3 Rh4 29. Qxc6 Qxc6 30. Bxc6 Reh8 31. Re2 Bxc3 32. Bd5 Bc8 33. Rc1 Ba5
34. f5 Bb6 35. fxg6 fxg6 36. Rc4 R4h5 37. Bf3 Rh3 38. Rf4 Rxf3 39. Rxf3 Bb7 40.
Kg2 Rf8 0-1

[Event "American Cup Blitz 2026"]
[Site "Saint Louis USA"]
[Date "2026.03.02"]
[Round "1.2"]
[White "So, Wesley"]
[Black "Kacharava, Nikolozi"]
[Result "1-0"]
[WhiteTitle "GM"]
[BlackTitle "GM"]
[WhiteElo "2753"]
[BlackElo "2501"]
[WhiteFideId "5202213"]
[BlackFideId "13611860"]
[EventDate "2026.03.02"]

1. e4 e5 2. Nf3 Nc6 3. Nc3 Nf6 4. Bb5 Bd6 5. d3 O-O 6. Bg5 h6 7. Bh4 Be7 8. Bxc6
bxc6 9. Nxe5 Nxe4 10. Bxe7 Qxe7 11. dxe4 Qxe5 12. O-O Rb8 13. Rb1 f5 14. Re1
fxe4 15. Rxe4 Qf6 16. Qd4 Qxd4 17. Rxd4 d6 18. Nd1 c5 19. Ra4 Rb7 20. Ne3 Bd7
21. Ra5 Be6 22. b3 c4 23. b4 c3 24. a3 c5 25. Ra6 cxb4 26. Rxd6 Bf7 27. Rxb4
Rxb4 28. axb4 Rb8 29. Rd4 a5 30. bxa5 Rb1+ 31. Rd1 Rb2 32. Ra1 Be8 33. a6 Bc6
34. a7 Ba8 35. h4 Kf7 36. Ra3 Rb7 37. Kh2 Ke6 38. h5 Ke5 39. Kg3 Kd4 40. Nf5+
Ke5 41. Ra5+ Kf6 42. Ne3 Ke6 43. Ra6+ Ke5 44. Kh4 Rb4+ 45. Kg3 Rb7 46. Nc4+ Kd4
47. Nb6 1-0

[Event "American Cup Blitz 2026"]
[Site "Saint Louis USA"]
[Date "2026.03.02"]
[Round "1.3"]
[White "Chirila, Ioan-Cristian"]
[Black "Aronian, Levon"]
[Result "0-1"]
[WhiteTitle "GM"]
[BlackTitle "GM"]
[WhiteElo "2506"]
[BlackElo "2729"]
[WhiteFideId "1211668"]
[BlackFideId "13300474"]
[EventDate "2026.03.02"]

1. d4 d5 2. c4 e6 3. Nc3 c6 4. e4 dxe4 5. Nxe4 Bb4+ 6. Bd2 Qxd4 7. Bxb4 Qxe4+ 8.
Ne2 Na6 9. Bf8 Qe5 10. Qd2 Qf6 11. Bd6 Nh6 12. O-O-O Nf5 13. Be5 Qe7 14. g4 f6
15. Bc3 Nh4 16. f4 O-O 17. Ng3 e5 18. f5 Nc5 19. Bb4 b6 20. Be2 Ba6 21. Kb1 Rad8
22. Qe3 Ng2 23. Qf3 Nf4 24. Qxc6 Nxe2 25. Nxe2 Bxc4 26. Nc3 Bd3+ 27. Ka1 Nb3+
28. axb3 Qxb4 29. Qa4 a5 30. Rd2 Rd4 31. Rhd1 Rfd8 32. h3 h5 33. Ka2 Qxa4+ 34.
Nxa4 Bb1+ 0-1

[Event "American Cup Blitz 2026"]
[Site "Saint Louis USA"]
[Date "2026.03.02"]
[Round "1.4"]
[White "Dominguez Perez, Leinier"]
[Black "Budisavljevic, Luka"]
[Result "1-0"]
[WhiteTitle "GM"]
[BlackTitle "GM"]
[WhiteElo "2738"]
[BlackElo "2501"]
[WhiteFideId "3503240"]
[BlackFideId "960047"]
[EventDate "2026.03.02"]

1. e4 e6 2. d4 d5 3. Nc3 Nc6 4. Nf3 Nf6 5. e5 Ne4 6. Ne2 Bd7 7. Ng3 f5 8. h4 Be7
9. Ne2 Na5 10. c3 c5 11. dxc5 Bxc5 12. Nfd4 Nc6 13. f3 Nxe5 14. fxe4 fxe4 15.
Nf4 O-O 16. Be2 Nc6 17. Nfxe6 Bxe6 18. Nxe6 Bf2+ 19. Kd2 Qf6 20. Nxf8 Nd4 21.
cxd4 Rc8 22. Qa4 Qxf8 23. Kd1 Qd6 24. Bd2 b5 25. Qb4 Qg3 26. Rc1 Rd8 27. Qe7 Rf8
28. Qe6+ Kh8 29. Rc8 1-0

[Event "American Cup Blitz 2026"]
[Site "Saint Louis USA"]
[Date "2026.03.02"]
[Round "1.5"]
[White "Celik, Hasan Huseyin"]
[Black "Liang, Awonder"]
[Result "0-1"]
[WhiteTitle "IM"]
[BlackTitle "GM"]
[WhiteElo "2495"]
[BlackElo "2719"]
[WhiteFideId "44506759"]
[BlackFideId "2056437"]
[EventDate "2026.03.02"]

1. Nf3 a5 2. h4 Ra6 3. a4 d5 4. h5 Nf6 5. h6 g6 6. b3 Ng4 7. Bb2 f6 8. e3 Rd6 9.
c4 c6 10. d4 Bxh6 11. Nc3 Be6 12. Bd3 O-O 13. Qe2 Na6 14. e4 Nb4 15. Bb1 dxc4
16. bxc4 Rxd4 17. Nxd4 Qxd4 18. O-O Qxc4 19. Qxc4 Bxc4 20. Rd1 Bf4 21. g3 Bb8
22. Na2 Ba7 23. Rd2 Nxf2 24. Rxf2 Rd8 25. Bc3 Nd3 26. Bxd3 Rxd3 27. Be1 Rxg3+
28. Kh2 Bxf2 29. Bxf2 Ra3 30. Bc5 Rxa2+ 31. Rxa2 Bxa2 32. Bxe7 Kf7 33. Bd8 Bb3
34. Bxa5 Bxa4 35. Kg3 Bc2 36. Kf4 c5 37. Bb6 c4 38. Bd4 Ke6 39. Bc3 b5 40. Ke3
h5 41. Kd4 h4 42. Be1 h3 43. Bg3 Bd3 44. Bb8 b4 0-1

[Event "American Cup Blitz 2026"]
[Site "Saint Louis USA"]
[Date "2026.03.02"]
[Round "1.6"]
[White "Oparin, Grigoriy"]
[Black "Mikaelyan, Arman"]
[Result "1-0"]
[WhiteTitle "GM"]
[BlackTitle "GM"]
[WhiteElo "2658"]
[BlackElo "2494"]
[WhiteFideId "24125890"]
[BlackFideId "13304852"]
[EventDate "2026.03.02"]

1. e4 c5 2. Nf3 g6 3. Bc4 Bg7 4. c3 d6 5. d4 cxd4 6. cxd4 Nc6 7. Nc3 Nf6 8. Bb3
O-O 9. h3 b6 10. O-O Ba6 11. Re1 Nb4 12. Be3 d5 13. e5 Ne4 14. Nd2 Nd3 15. Ndxe4
dxe4 16. Re2 Nxe5 17. dxe5 Qxd1+ 18. Bxd1 Bxe2 19. Bxe2 Bxe5 20. Rb1 f5 21. f3
f4 22. Bf2 e3 23. Bh4 Bf6 24. Be1 Rac8 25. Ne4 Be5 26. Bd1 h6 27. h4 Kg7 28. Kf1
Rfd8 29. Bb3 Rc7 30. Ke2 a5 31. g3 fxg3 32. Nxg3 b5 33. a4 bxa4 34. Bxa4 Rb8 35.
b3 Rc4 36. bxc4 Rxb1 37. Ne4 Bd4 38. Bc2 Rb2 39. Kd3 e5 40. Bxa5 Ra2 41. Bb4 g5
42. hxg5 h5 43. Be1 Ra1 44. Bg3 Ra3+ 45. Ke2 Ra2 46. Kd3 e2 47. c5 Ra3+ 48. Kxe2
Re3+ 49. Kd2 Rxf3 50. c6 Bb6 51. Bxe5+ Kf8 52. g6 Ba5+ 53. Ke2 Rf5 54. g7+ 1-0

[Event "American Cup Blitz 2026"]
[Site "Saint Louis USA"]
[Date "2026.03.02"]
[Round "1.7"]
[White "Boyer, Mahel"]
[Black "Tari, Aryan"]
[Result "1/2-1/2"]
[WhiteTitle "GM"]
[BlackTitle "GM"]
[WhiteElo "2486"]
[BlackElo "2642"]
[WhiteFideId "45102422"]
[BlackFideId "1510045"]
[EventDate "2026.03.02"]

1. e4 e5 2. Nf3 Nc6 3. Nc3 Nf6 4. Nd5 Be7 5. Bd3 d6 6. c3 Be6 7. Nxe7 Qxe7 8.
Bc2 d5 9. d3 h6 10. Qe2 a5 11. Ba4 Nd7 12. O-O O-O 13. Re1 Rfe8 14. Be3 Rad8 15.
h3 Qf6 16. a3 d4 17. Bd2 Nc5 18. Bxc6 bxc6 19. cxd4 exd4 20. Bxa5 Nb3 21. Bxc7
Rc8 22. Be5 Qd8 23. Rad1 c5 24. Nd2 Nxd2 25. Rxd2 Bxh3 26. Bg3 Be6 27. Rc1 Qg5
28. Rdc2 Bb3 29. Rd2 h5 30. Bd6 c4 31. dxc4 Bxc4 32. Qe1 Rxe4 33. Qxe4 Qxd2 34.
Bf4 Qxb2 35. Qf5 Qb7 36. Be5 Be6 37. Rxc8+ Qxc8 38. Qg5 f6 39. Bxf6 Qd7 40. Be5
d3 41. Bc3 Qc7 1/2-1/2

[Event "American Cup Blitz 2026"]
[Site "Saint Louis USA"]
[Date "2026.03.02"]
[Round "1.8"]
[White "Pranav, V"]
[Black "Boros, Denes"]
[Result "1-0"]
[WhiteTitle "GM"]
[BlackTitle "GM"]
[WhiteElo "2641"]
[BlackElo "2371"]
[WhiteFideId "25060783"]
[BlackFideId "722340"]
[EventDate "2026.03.02"]

1. e4 e5 2. Nc3 d6 3. Bc4 Nf6 4. d3 Be7 5. f4 exf4 6. Bxf4 c6 7. Nf3 d5 8. Bb3
O-O 9. O-O Bg4 10. h3 Bh5 11. Qe1 Na6 12. e5 Nd7 13. d4 Nc7 14. Ne2 a5 15. c3
Ne6 16. Be3 Qb6 17. Qd2 a4 18. Bc2 Bg6 19. Bxg6 fxg6 20. Nf4 Nxf4 21. Bxf4 Qb5
22. Bg5 Rae8 23. Bxe7 Rxe7 24. Ng5 Ree8 25. Rxf8+ Rxf8 26. Ne6 Rf5 27. Re1 Nf8
28. Nc7 Qb6 29. e6 1-0

[Event "American Cup Blitz 2026"]
[Site "Saint Louis USA"]
[Date "2026.03.02"]
[Round "1.9"]
[White "Raja, Harshit"]
[Black "Bok, Benjamin"]
[Result "0-1"]
[WhiteTitle "GM"]
[BlackTitle "GM"]
[WhiteElo "2472"]
[BlackElo "2592"]
[WhiteFideId "5089000"]
[BlackFideId "1017063"]
[EventDate "2026.03.02"]

1. e4 e5 2. Nf3 Nc6 3. Bb5 a6 4. Ba4 Nf6 5. O-O Be7 6. d3 d6 7. c4 O-O 8. h3 Nd7
9. Be3 Bf6 10. Bxc6 bxc6 11. c5 Re8 12. Qc2 d5 13. Bd2 a5 14. Re1 Ba6 15. Na3 a4
16. Rad1 g6 17. Bh6 Qe7 18. d4 exd4 19. e5 Bh8 20. Nxd4 Qxc5 21. Qxa4 Be2 22.
Qxa8 Rxa8 23. Rxe2 Nxe5 24. Nac2 Qd6 25. Rde1 c5 26. Nb5 Qd7 27. Nc3 d4 28. Ne4
d3 29. Nxc5 Qd5 30. Nb4 Qxc5 31. Nxd3 Qd6 32. Nxe5 Re8 33. Nf3 Rxe2 34. Rxe2 Qd7
35. b3 Bg7 36. Bg5 h6 37. Be3 Qd1+ 38. Re1 Qc2 39. Rc1 Qxa2 40. Rxc7 Qxb3 41.
Kh2 Qd5 42. Bf4 g5 43. Bg3 f5 44. Rc8+ Kh7 45. Bb8 Qb7 46. Rd8 Qb6 47. Rc8 Qxf2
48. Bd6 Qb6 49. Bc5 Qb7 50. Re8 Qc7+ 0-1

[Event "American Cup Blitz 2026"]
[Site "Saint Louis USA"]
[Date "2026.03.02"]
[Round "1.10"]
[White "Aryan, Chopra"]
[Black "Putnam, Liam"]
[Result "1-0"]
[WhiteTitle "GM"]
[BlackTitle "IM"]
[WhiteElo "2631"]
[BlackElo "2485"]
[WhiteFideId "5084423"]
[BlackFideId "30938279"]
[EventDate "2026.03.02"]

1. d4 Nf6 2. Bg5 e6 3. Nf3 c5 4. c3 b6 5. e3 Be7 6. Nbd2 h6 7. Bh4 O-O 8. Bd3
cxd4 9. exd4 Ba6 10. Bxa6 Nxa6 11. O-O d6 12. Re1 Nc7 13. a4 a6 14. h3 b5 15.
Qc2 Qd7 16. Ra2 Rfb8 17. Rea1 Qc6 18. Qd3 Nfd5 19. Bxe7 Nxe7 20. Qe4 Ncd5 21.
axb5 axb5 22. Ne1 Rxa2 23. Rxa2 Ra8 24. Rxa8+ Qxa8 25. Qe2 Qa1 26. Nf3 b4 27. c4
Nb6 28. Qc2 Nc6 29. Kf1 Na5 30. c5 dxc5 31. dxc5 Nd5 32. c6 b3 33. Qc5 Nxc6 34.
Qxc6 Qxb2 35. Qc8+ Kh7 36. Qc4 Qa3 37. Nd2 Qa2 38. Nxb3 f5 39. g3 Qb1 40. Qd3
Qb2 41. Nd4 Qb6 42. Nef3 Nf6 43. Qe3 Ne4 44. Nd2 Qa6+ 45. Kg2 Ng5 46. h4 Nf7 47.
Qxe6 Qb7+ 48. N2f3 g6 49. h5 1-0

[Event "American Cup Blitz 2026"]
[Site "Saint Louis USA"]
[Date "2026.03.02"]
[Round "1.11"]
[White "Munkhdalai, Amilal"]
[Black "Woodward, Andy"]
[Result "0-1"]
[WhiteTitle "IM"]
[BlackTitle "GM"]
[WhiteElo "2455"]
[BlackElo "2608"]
[WhiteFideId "4903250"]
[BlackFideId "30953499"]
[EventDate "2026.03.02"]

1. e4 c5 2. Nf3 d6 3. Bb5+ Nd7 4. O-O a6 5. Bd3 Ne5 6. Nxe5 dxe5 7. a4 b6 8. Na3
e6 9. Nc4 Bd6 10. c3 Bc7 11. Bc2 Ne7 12. d3 O-O 13. Be3 Bb7 14. Qe2 Ng6 15. g3
Qe7 16. Rab1 b5 17. Nd2 Bc6 18. Ra1 Bd6 19. Nb3 Rfb8 20. axb5 axb5 21. Nd2 f5
22. f3 h5 23. Bf2 f4 24. Bb3 Kf7 25. Rfb1 fxg3 26. hxg3 h4 27. Nf1 hxg3 28. Bxg3
c4 29. dxc4 Bc5+ 30. Kh1 0-1

[Event "American Cup Blitz 2026"]
[Site "Saint Louis USA"]
[Date "2026.03.02"]
[Round "1.12"]
[White "Mishra, Abhimanyu"]
[Black "Kuru, Atilla"]
[Result "1-0"]
[WhiteTitle "GM"]
[BlackTitle "IM"]
[WhiteElo "2629"]
[BlackElo "2450"]
[WhiteFideId "30920019"]
[BlackFideId "51607948"]
[EventDate "2026.03.02"]

1. e4 c5 2. Nf3 d6 3. d4 cxd4 4. Nxd4 Nf6 5. Nc3 Nc6 6. Bg5 Bd7 7. Qd2 Rc8 8.
O-O-O Nxd4 9. Qxd4 Qa5 10. f4 h6 11. Bxf6 gxf6 12. Kb1 Qc5 13. Qd3 h5 14. Be2 f5
15. e5 e6 16. Bf3 b5 17. exd6 Bg7 18. Ne2 h4 19. g4 hxg3 20. hxg3 Rxh1 21. Rxh1
Kf8 22. Rd1 Qb4 23. c3 Qc5 24. Rc1 Ke8 25. g4 fxg4 26. Bxg4 Rc6 27. Qh7 Kf8 28.
Rg1 Rxd6 29. Bxe6 Bxe6 30. Qxg7+ Ke8 31. Nd4 Qd5 32. Qe5 Qxa2+ 33. Kc2 Qa4+ 34.
Kd2 Kd7 35. f5 Bc4 36. Rg8 Qa1 37. Qe8+ Kc7 38. Qb8+ Kd7 39. Qd8# 1-0

[Event "American Cup Blitz 2026"]
[Site "Saint Louis USA"]
[Date "2026.03.02"]
[Round "1.13"]
[White "Bilovil, Bogdan"]
[Black "Durarbayli, Vasif"]
[Result "0-1"]
[WhiteTitle "IM"]
[BlackTitle "GM"]
[WhiteElo "2446"]
[BlackElo "2612"]
[WhiteFideId "14168766"]
[BlackFideId "13402935"]
[EventDate "2026.03.02"]

1. d4 Nf6 2. c4 e6 3. Nf3 b6 4. a3 Ba6 5. e3 d5 6. Nbd2 Bd6 7. cxd5 Bxf1 8. Nxf1
exd5 9. Ng3 O-O 10. Nf5 c5 11. O-O Nc6 12. Qa4 Rc8 13. Nxd6 Qxd6 14. dxc5 bxc5
15. Bd2 Ne4 16. Rfd1 Rfd8 17. Rac1 h6 18. Be1 Qf6 19. Qc2 Ne5 20. Nxe5 Qxe5 21.
b4 c4 22. Bc3 Qg5 23. Bd4 a6 24. a4 Rd6 25. f3 Nf6 26. b5 axb5 27. axb5 Nd7 28.
Rb1 Nb6 29. Ra1 Re6 30. Ra6 Rb8 31. Rda1 Qe7 32. Qc3 f6 33. Ra7 Qe8 34. Qb4 Nc8
35. R7a5 Nd6 36. b6 Nf5 37. b7 Nxd4 38. exd4 Kh7 39. Ra8 Re2 40. Qb1+ g6 41. h4
Qe3+ 42. Kh1 Qf2 43. Qf1 Rxb7 44. Qxf2 Rxf2 45. R1a7 Rb2 46. Rxb7+ Rxb7 47. Rd8
Rc7 0-1

[Event "American Cup Blitz 2026"]
[Site "Saint Louis USA"]
[Date "2026.03.02"]
[Round "1.14"]
[White "Cordova, Emilio"]
[Black "Bilych, Oleksii"]
[Result "1-0"]
[WhiteTitle "GM"]
[BlackTitle "IM"]
[WhiteElo "2494"]
[BlackElo "2450"]
[WhiteFideId "3801497"]
[BlackFideId "14156504"]
[EventDate "2026.03.02"]

1. d4 Nf6 2. Bg5 e6 3. e4 h6 4. Bxf6 Qxf6 5. Nc3 Bb4 6. Qd3 d5 7. e5 Qd8 8. a3
Be7 9. f4 c5 10. Nf3 Nc6 11. O-O-O c4 12. Qe3 b5 13. Nxb5 Rb8 14. Nd6+ Bxd6 15.
exd6 Qxd6 16. g4 c3 17. bxc3 Ba6 18. Bxa6 Qxa3+ 19. Kd2 Qxa6 20. Ra1 Qb6 21. f5
O-O 22. f6 Na5 23. Ra4 Rfc8 24. fxg7 Kxg7 25. g5 Nc4+ 26. Rxc4 Rxc4 27. gxh6+
Kh7 28. Ng5+ Kxh6 29. Rg1 Kg6 30. Qf4 f6 31. Ne4+ Kf7 32. Qxf6+ Ke8 33. Rg8+ Kd7
34. Qf7+ Kc6 35. Qxe6+ Kb5 36. Qxd5+ 1-0

[Event "American Cup Blitz 2026"]
[Site "Saint Louis USA"]
[Date "2026.03.02"]
[Round "1.15"]
[White "Pyrih, Roman"]
[Black "Bharath, Subramaniyam H"]
[Result "1-0"]
[WhiteTitle "IM"]
[BlackTitle "GM"]
[WhiteElo "2403"]
[BlackElo "2595"]
[WhiteFideId "14179156"]
[BlackFideId "46634827"]
[EventDate "2026.03.02"]

1. Nc3 d5 2. e4 d4 3. Nce2 c5 4. Ng3 Nc6 5. Bc4 e6 6. Nf3 Bd6 7. O-O Nge7 8. a4
O-O 9. d3 a6 10. c3 Rb8 11. cxd4 cxd4 12. Ne2 Bc7 13. b4 b5 14. axb5 axb5 15.
Bb3 Nxb4 16. Nexd4 Bb6 17. Nxb5 Nxd3 18. Ba3 Bc5 19. Bc4 Bxa3 20. Rxa3 Nc5 21.
Qe2 Bd7 22. Rd1 Qc8 23. Nd6 Qc7 24. e5 Ng6 25. Qe3 Qb6 26. h4 Bc6 27. Ng5 h6 28.
h5 Ne7 29. Ngxf7 Rxf7 30. Nxf7 Kxf7 31. Qf4+ Kg8 32. Rg3 Bd5 33. Bxd5 exd5 34.
e6 Rf8 35. Qe5 g5 36. hxg6 Qxe6 37. Qxe6+ Nxe6 38. Re3 Rf6 39. Rde1 Nxg6 40.
Rxe6 Kf7 41. Rxf6+ Kxf6 42. g3 Ne5 43. Kg2 d4 44. Re4 d3 45. Rd4 Kf5 46. f4 Ng6
47. Rxd3 Kg4 48. Rd6 1-0

[Event "American Cup Blitz 2026"]
[Site "Saint Louis USA"]
[Date "2026.03.02"]
[Round "1.16"]
[White "Can, Isik"]
[Black "Rosen, Eric"]
[Result "1-0"]
[WhiteTitle "GM"]
[BlackTitle "IM"]
[WhiteElo "2562"]
[BlackElo "2377"]
[WhiteFideId "6383742"]
[BlackFideId "2032562"]
[EventDate "2026.03.02"]

1. e4 c5 2. Nf3 Nc6 3. d4 cxd4 4. Nxd4 Nf6 5. Nc3 d6 6. Bg5 Bd7 7. Bxf6 gxf6 8.
Nxc6 Bxc6 9. Bb5 Bxb5 10. Nxb5 Qa5+ 11. Nc3 Rc8 12. Qd3 e6 13. O-O a6 14. a4 h5
15. Kh1 h4 16. h3 Be7 17. f4 Rg8 18. Rf3 Rc5 19. b4 Qxb4 20. Rb1 Qa3 21. Rb3
Rxc3 22. Qxc3 Qc1+ 23. Kh2 Kf8 24. Rxb7 Rg6 25. Qc7 Rxg2+ 26. Kxg2 Qd2+ 27. Rf2 1-0

[Event "American Cup Blitz 2026"]
[Site "Saint Louis USA"]
[Date "2026.03.02"]
[Round "1.17"]
[White "Kavutskiy, Kostya"]
[Black "Akobian, Varuzhan"]
[Result "0-1"]
[WhiteTitle "IM"]
[BlackTitle "GM"]
[WhiteElo "2330"]
[BlackElo "2549"]
[WhiteFideId "2026384"]
[BlackFideId "13300580"]
[EventDate "2026.03.02"]

1. Nf3 Nf6 2. c4 b6 3. g3 Bb7 4. Bg2 g6 5. O-O Bg7 6. d4 O-O 7. Qc2 Be4 8. Qb3
c5 9. d5 d6 10. Nc3 Nbd7 11. a4 a6 12. h3 Qc7 13. Bf4 h6 14. Rfd1 Rab8 15. Nxe4
Nxe4 16. Qe3 g5 17. Qxe4 gxf4 18. Qxf4 b5 19. axb5 axb5 20. Nh4 Ne5 21. Nf5 Ng6
22. Qe3 bxc4 23. Nxh6+ Kh7 24. Nf5 Rb3 25. Qg5 Rxb2 26. h4 Bf6 27. Qh5+ Kg8 28.
Qg4 Kh7 29. Be4 c3 30. h5 Ne5 31. Qf4 Rxe2 32. Nxe7+ Rxe4 33. Qxe4+ Kh8 34. Nf5
Qd7 35. Qf4 Bg7 36. Kg2 Rg8 37. Qg5 Bf8 38. Qf6+ Kh7 39. Rdc1 Ng4 40. Qxc3 Qxf5
41. Qd2 0-1

[Event "American Cup Blitz 2026"]
[Site "Saint Louis USA"]
[Date "2026.03.02"]
[Round "1.18"]
[White "Lodici, Lorenzo"]
[Black "Rorrer, Grayson"]
[Result "1-0"]
[WhiteTitle "GM"]
[BlackTitle "IM"]
[WhiteElo "2590"]
[BlackElo "2415"]
[WhiteFideId "884189"]
[BlackFideId "30944996"]
[EventDate "2026.03.02"]

1. e4 e6 2. b3 d5 3. Bb2 Nc6 4. Bb5 Ne7 5. e5 d4 6. Nf3 a6 7. Bd3 Ng6 8. Bxg6
hxg6 9. c3 Bc5 10. O-O O-O 11. b4 Ba7 12. a4 Qd5 13. cxd4 Nxd4 14. Bxd4 Bxd4 15.
Nc3 Qc4 16. Qb1 Ba7 17. Re1 Rd8 18. Re4 Qd3 19. Qxd3 Rxd3 20. Kf1 Rd8 21. Rc4
Bb8 22. Ke2 b6 23. Nd4 Bb7 24. Nc6 Bxc6 25. Rxc6 Kf8 26. Ke3 Ke7 27. Rc1 Kd7 28.
Ne4 Kc8 29. Nd6+ Kd7 30. Nxf7 Rf8 31. Ng5 Re8 32. d4 b5 33. a5 Re7 34. Ke4 1-0

[Event "American Cup Blitz 2026"]
[Site "Saint Louis USA"]
[Date "2026.03.02"]
[Round "1.19"]
[White "Krush, Irina"]
[Black "Hong, Andrew"]
[Result "0-1"]
[WhiteTitle "GM"]
[BlackTitle "GM"]
[WhiteElo "2402"]
[BlackElo "2587"]
[WhiteFideId "2012782"]
[BlackFideId "2099438"]
[EventDate "2026.03.02"]

1. d4 d5 2. c4 e6 3. Nc3 Be7 4. cxd5 exd5 5. Bf4 c6 6. Qc2 Nf6 7. e3 Nh5 8. Be5
Nd7 9. Nf3 Nxe5 10. Nxe5 O-O 11. Bd3 g6 12. g4 Ng7 13. h3 c5 14. O-O-O c4 15.
Be2 f6 16. Nf3 b5 17. Nxb5 Qa5 18. Nc3 Rb8 19. Kd2 Bd7 20. Rb1 Bb4 21. Rhc1 Ba4
22. b3 cxb3 23. axb3 Rfc8 24. bxa4 Rxc3 25. Kd1 Rxc2 0-1

[Event "American Cup Blitz 2026"]
[Site "Saint Louis USA"]
[Date "2026.03.02"]
[Round "1.20"]
[White "Dudin, Gleb"]
[Black "Kiolbasa, Oliwia"]
[Result "1-0"]
[WhiteTitle "GM"]
[BlackTitle "IM"]
[WhiteElo "2596"]
[BlackElo "2397"]
[WhiteFideId "34184934"]
[BlackFideId "1154613"]
[EventDate "2026.03.02"]

1. e4 e6 2. d4 d5 3. Nc3 Nf6 4. e5 Nfd7 5. f4 c5 6. Nf3 Nc6 7. Be3 a6 8. Qd2 b5
9. Qf2 b4 10. Na4 cxd4 11. Nxd4 Bb7 12. Bd3 Nxd4 13. Bxd4 Bc6 14. Nb6 Nxb6 15.
Bxb6 Qd7 16. O-O Bb5 17. f5 Bxd3 18. cxd3 exf5 19. Rac1 Be7 20. Rc7 Qe6 21. Bc5
Bd8 22. Rb7 Qc6 23. Rxb4 g6 24. Rb3 Rc8 25. Rc3 Qd7 26. Qd4 Qe6 27. b4 Be7 28.
Bxe7 Kxe7 29. Qa7+ Kf8 30. Rxc8+ Qxc8 31. Re1 Qe6 32. a4 Kg7 33. b5 axb5 34.
axb5 Rc8 35. b6 Qe8 36. b7 Rb8 37. d4 Qd8 38. Rb1 Qc7 39. h3 h5 40. Kh1 Qc2 41.
Qb6 Qd3 42. Rb4 Qd1+ 43. Kh2 Qd2 44. Rb3 Qf4+ 45. Kg1 Qc1+ 46. Kf2 Qc2+ 47. Ke1
Qc1+ 48. Ke2 Qc2+ 49. Ke3 Qc1+ 50. Kd3 Qd1+ 51. Kc3 Qe1+ 52. Kb2 Qd2+ 53. Ka3
Qc1+ 54. Kb4 Qc4+ 55. Ka5 Qc2 56. e6 Qa2+ 57. Kb4 Qd2+ 58. Kc5 Qc2+ 59. Kd6 fxe6
60. Qc7+ 1-0

[Event "American Cup Blitz 2026"]
[Site "Saint Louis USA"]
[Date "2026.03.02"]
[Round "1.21"]
[White "Lee, Alice"]
[Black "Warmerdam, Max"]
[Result "1/2-1/2"]
[WhiteTitle "IM"]
[BlackTitle "GM"]
[WhiteElo "2399"]
[BlackElo "2580"]
[WhiteFideId "30941822"]
[BlackFideId "1048104"]
[EventDate "2026.03.02"]

1. Nf3 Nf6 2. c4 g6 3. Nc3 Bg7 4. d4 d6 5. e4 Bg4 6. Be2 Bxf3 7. Bxf3 e5 8. d5
h5 9. a3 a5 10. Bg5 Bh6 11. Bxh6 Rxh6 12. b4 Nbd7 13. Rb1 axb4 14. axb4 Kf8 15.
Qc1 Kg7 16. Nb5 Qe7 17. Nxc7 Rc8 18. Nb5 Nb6 19. c5 dxc5 20. d6 Qd7 21. bxc5 Na4
22. Nc7 Qc6 23. O-O Nxc5 24. Nb5 Ncd7 25. Qb2 Qb6 26. Rfd1 Rhh8 27. Nc7 Qxb2 28.
Rxb2 b6 29. Rb5 Rhd8 30. g3 Ne8 31. Nxe8+ Rxe8 32. Bg2 Rc5 33. Rb4 Rd8 34. Bh3
Rc6 35. Rdb1 Nf6 36. Rxb6 Rdxd6 37. Rxc6 Rxc6 38. Bg2 Rc5 39. Bf3 Nd7 40. h4 Nf8
41. Kg2 Ne6 42. Rb2 Nd4 43. Be2 Rc6 44. Bd3 Rc3 45. Ba6 Rc2 46. Rxc2 Nxc2 47.
Bb7 Kf6 48. Kf3 Ke7 49. Bd5 Nb4 50. Bb3 Nd3 51. Ke3 Nc5 52. Bd5 f6 53. Bc6 g5
54. hxg5 fxg5 55. f4 Kf6 56. Be8 h4 57. fxg5+ Kxg5 58. gxh4+ Kxh4 59. Bc6 Nxe4
60. Kxe4 Kg5 61. Kxe5 1/2-1/2

[Event "American Cup Blitz 2026"]
[Site "Saint Louis USA"]
[Date "2026.03.02"]
[Round "1.22"]
[White "Fier, Alexandr"]
[Black "Wang, Tianqi"]
[Result "1-0"]
[WhiteTitle "GM"]
[BlackTitle "IM"]
[WhiteElo "2572"]
[BlackElo "2331"]
[WhiteFideId "2107139"]
[BlackFideId "2063824"]
[EventDate "2026.03.02"]

1. e4 Nf6 2. e5 Nd5 3. d4 d6 4. c4 Nb6 5. f4 dxe5 6. fxe5 Nc6 7. Be3 Bf5 8. Nc3
e6 9. Nf3 Be7 10. Be2 O-O 11. O-O f6 12. exf6 Bxf6 13. Qd2 Qe7 14. Rad1 Rad8 15.
Kh1 h6 16. Qc1 e5 17. d5 Nd4 18. Nxd4 exd4 19. Bxd4 Bg5 20. Qa1 Bc2 21. Rxf8+
Rxf8 22. Rf1 Bd2 23. Rxf8+ Qxf8 24. Qf1 Qb4 25. Bh5 Qe7 26. Qe2 Qg5 27. Bg4 Bg6
28. Be6+ Kh7 29. Ne4 Bxe4 30. Qxe4+ Kh8 31. Qf3 Bf4 32. b3 Bd6 33. Be3 Qe5 34.
g3 c5 35. Kg2 a5 36. Kh3 Qc3 37. Qf7 1-0

[Event "American Cup Blitz 2026"]
[Site "Saint Louis USA"]
[Date "2026.03.02"]
[Round "1.23"]
[White "Abrahamyan, Tatev"]
[Black "Hardaway, Brewington"]
[Result "0-1"]
[WhiteTitle "IM"]
[BlackTitle "GM"]
[WhiteElo "2379"]
[BlackElo "2544"]
[WhiteFideId "13301918"]
[BlackFideId "30941849"]
[EventDate "2026.03.02"]

1. e4 c5 2. Nf3 Nc6 3. Bb5 d6 4. O-O Bd7 5. Re1 a6 6. Bf1 e5 7. h3 h5 8. c3 g5
9. d3 g4 10. Nh2 gxh3 11. gxh3 Qf6 12. Qf3 Qe6 13. Nd2 O-O-O 14. Nc4 Kc7 15. Ne3
Nge7 16. Nd5+ Kb8 17. Be3 Qg6+ 18. Kh1 Nxd5 19. exd5 Ne7 20. Be2 Nxd5 21. Rg1
Qe6 22. Qg2 Nxe3 23. fxe3 Qxh3 24. Raf1 Qxg2+ 25. Kxg2 Bh6 26. Rxf7 Bxe3 27.
Rgf1 Rhg8+ 28. Kf3 Bf4 0-1